5HLuxD.jpg

KING HENRY VIII SENIOR AND PRIMARY SCHOOL LIBRARY OPAC

Lupo and the secret of Windsor Castle (Record no. 3902)

000 -LEADER
fixed length control field 01309nam a22002417a 4500
005 - DATE AND TIME OF LATEST TRANSACTION
control field 20241119095225.0
008 - FIXED-LENGTH DATA ELEMENTS--GENERAL INFORMATION
fixed length control field 241119b ||||| |||| 00| 0 eng d
020 ## - INTERNATIONAL STANDARD BOOK NUMBER
International Standard Book Number 9781444921441
040 ## - CATALOGING SOURCE
Transcribing agency KH8
082 ## - DEWEY DECIMAL CLASSIFICATION NUMBER
Classification number 823.92 KIN
100 ## - MAIN ENTRY--PERSONAL NAME
Personal name King, Aby
Relator term Author
245 ## - TITLE STATEMENT
Title Lupo and the secret of Windsor Castle
Statement of responsibility, etc. Aby King
260 ## - PUBLICATION, DISTRIBUTION, ETC.
Place of publication, distribution, etc. London,
Name of publisher, distributor, etc. Hodder Children's Books,
Date of publication, distribution, etc. 2015
300 ## - PHYSICAL DESCRIPTION
Extent 248 pages :
Other physical details illustrations ;
Dimensions 20 cm.
440 ## - SERIES STATEMENT/ADDED ENTRY--TITLE
Title Adventures of a royal dog
Number of part/section of a work 1
520 ## - SUMMARY, ETC.
Summary, etc. Lupo is out for a walk with Nanny and Prince George in Kensington Gardens when he is lured into a wicked trap. Cyrus the swan has been attacked, and some precious royal treasure stolen. Lupo is innocent but can he prove his innocence? Meanwhile, his rival, Vulcan the corgi is plotting to take over the realm. Animals take sides in a classic battle of good versus evil, involving journeys through underground tunnels, down the hallowed corridors of historic palaces, and in the staterooms of the most important people of the land. At the heart of this delightful story is the loyal bond between Lupo and the baby prince<br/>
521 ## - TARGET AUDIENCE NOTE
Target audience note Children's stories
650 ## - SUBJECT ADDED ENTRY--TOPICAL TERM
Topical term or geographic name entry element Action and adventure fiction
650 ## - SUBJECT ADDED ENTRY--TOPICAL TERM
Topical term or geographic name entry element Dogs
650 ## - SUBJECT ADDED ENTRY--TOPICAL TERM
Topical term or geographic name entry element Juvenile works
700 ## - ADDED ENTRY--PERSONAL NAME
Personal name Usher , Sam
Relator term Illustrator
942 ## - ADDED ENTRY ELEMENTS (KOHA)
Source of classification or shelving scheme
Koha item type Books - Fiction
Holdings
Withdrawn status Lost status Source of classification or shelving scheme Damaged status Not for loan Collection code Permanent Location Current Location Shelving location Date acquired Total Checkouts Total Renewals Full call number Barcode Date last seen Date last checked out Price effective from Koha item type
          Fiction KH8 Primary School Library KH8 Primary School Library Fiction 2024-11-19 2 1 823.92 KIN KHPL000004605 2025-12-05 2025-05-13 2024-11-19 Books - Fiction

Powered By KH8 IT Dept